تحميل...
Personality Development
| المؤلف الرئيسي: | |
|---|---|
| التنسيق: | Printed Book |
| اللغة: | Undetermined |
| منشور في: |
NewDelhi
AneBooks
2010
|
| LEADER | 00433nam a2200133Ia 4500 | ||
|---|---|---|---|
| 008 | 141017s9999 xx 000 0 und d | ||
| 020 | |a 978-93-8015-676-7 | ||
| 082 | |a 155 BHA/P | ||
| 100 | |a Bhatia,R C | ||
| 245 | |a Personality Development | ||
| 260 | |b AneBooks |a NewDelhi |c 2010 | ||
| 300 | |a 251p. | ||
| 999 | |c 112397 |d 112397 | ||
| 952 | |0 0 |1 0 |4 0 |6 155_000000000000000_BHA_P |7 0 |9 109127 |a STS |b STS |d 2010-12-14 |l 0 |o 155 BHA/P |p STS57 |r 2014-10-17 |w 2014-10-17 |y BK | ||